000 00629nam a2200253Ia 4500
005 20250425162113.0
008 250425s9999 xx 000 0 und d
020 _a032411480X
041 _aeng
082 _a658.4012
100 _aHITT, MICHAEL A.
245 0 _aSTRATEGIC MANAGEMENT: COMPETITIVENESS AND GLOBALIZATION
250 _a5TH ED.
260 _aEstados Unidos
_bTHOMSON
_c2003
260 _aS.L.
300 _a437
650 _aCOMPETITIVIDAD
650 _aESTRATEGIAS
650 _aESTRUCTURA ORGANIZACIONAL
650 _aGESTION ESTRATEGICA
710 _aTHOMSON
942 _c01
010 _a50377
999 _c222408
_d222408